LEADER 01578nam a2200289 4500 001 000000340986 003 CaOOAMICUS 005 20200708135344.0 008 200708s1645 it 000 u ita r 026 $an-zo uses limo peac (3) 1645 (A) 040 $aSeMil$bita 100 11$aBorromeo, Carlo,$c.$0(OLS)http://semarc/name/3012 245 00$aLibretto de i ricordi al popolo della citta et diocese di Milano dati dall'ill. card. di S. Prassede, arcivescovo per il vivere christiano. ... 264 1$aIn Milano :$bPer Gio. Battista, & Giulio Cesare fratelli Malatesta Stampatori Reg. Cam.,$c1645. 300 $a33, [3] c. ;$c12° 500 $aBianche c. C10-12 500 $aSegn.: A-C¹² (-C¹²) 500 $aEmblema xilogr. dell'arcivescovado di Milano (trittico con S. Ambrogio tra i santo Gervaso e Protaso. Tales ambio defensor) sul front. 700 1 $aMalatesta, Giulio Cesare,$c.$0(OLS)http://semarc/name/81653 700 1 $aMalatesta, Giovanni Battista,$c.$0(OLS)http://semarc/name/38294 752 $aIT$dMilano 850 $aSeMil 852 $aSeMil$W1$xVenegono$y1$m3Z I 15/1 FA$j219750$B231990$CSeMilBibl$Z2$F231990 $8I 941 1 $a10 996 $6245$aLibretto de i ricordi al popolo della citta et diocese di Milano dati dall'ill. card. di S. Prassede, arcivescovo per il vivere christiano. ...$9(OLS)http://semarc/title/430041 996 $6264$aIn Milano :$bPer Gio. Battista, & Giulio Cesare fratelli Malatesta Stampatori Reg. Cam.$9(OLS)http://semarc/publisher/59106 LEADER 01176nam a2200241 i 4500 001 000000026691 003 CaOOAMICUS 005 20220628144033.0 008 180830s1708 xxk u000 u fre u 040 $aSeMil$bita 100 1 $aSaint-Évremond, Charles de Marguetel de Saint-Denis : de,$d<1613-1703>.$0(OLS)http://semarc/name/12035 245 10$aOuvres melées de mr. de Saint-Evremond. Publiées sur les manuscrits de l'auteur. Tome 1. [-7.]. 250 $aNouvelle edition revûe, corrigée & augmentée. 260 $aA Londres :$bAux depens de Paul & Isaak Vaillant,$c1708. 300 $a7 v. ;$c12°. 500 $aFront. stampati in rosso e nero. 700 1 $aVaillant, Paul,$c.$0(OLS)http://semarc/name/12036 700 1 $aVaillant, Isaac,$c.$0(OLS)http://semarc/name/12037 774 0 $tTome 1 contenent les mélanges curieux.$g1$w()212921 774 0 $tTome 2.$g2$w()212922 996 $6245$aOuvres melées de mr. de Saint-Evremond. Publiées sur les manuscrits de l'auteur. Tome 1. [-7.]$9(OLS)http://semarc/title/36049 996 $6260$aA Londres :$bAux depens de Paul & Isaak Vaillant$9(OLS)http://semarc/publisher/36916